000 00504nam a2200157 a 4500
001 000025874
005 20200930024122.0
008 110223s196u xxu r 000 0 spa d
040 _aDO-SdBNP
_bspa
_cBNPHU
082 _ann*
_bnn*
100 1 _aRobertson, A. T.
_952724
245 1 0 _aepocas en la vida de Jesus :
_bun estudio del desarrollo y lucha en la obra del mesías /
_cA. T. Robertson.
260 _aTexas :
_bCasa Bautista de Publicaciones,
_c[196?].
300 _a173 p. ;
_c20 cm.
049 _aBNGR
999 _c25366
_d25366